[Event "Portoroz op 10th"]
[Site "Portoroz"]
[Date "2016.07.28"]
[Round "7"]
[White "Papler, Peter"]
[Black "Stampar, Ljubo"]
[Result "1/2-1/2"]
[WhiteElo "1622"]
[BlackElo "1500"]
[PlyCount "43"]
[EventDate "2016.07.23"]
[EventType "swiss"]
[EventRounds "9"]
[EventCountry "SLO"]
[SourceTitle "CBM 173 Extra"]
[Source "ChessBase"]
[SourceDate "2016.08.29"]
[SourceVersion "1"]
[SourceVersionDate "2016.08.29"]
[SourceQuality "1"]

1. d4 c6 2. Nf3 d6 3. c3 Nf6 4. Nbd2 g6 5. e4 Nbd7 6. Bd3 Qc7 7. 0-0 Bg7 8. Re1 e5 9. Nf1 0-0 10. Be3 b5 11. Rc1 a5 12. a3 Ba6 13. h3 d5 14. Ng3 dxe4 15. Nxe4 Nxe4 16. Bxe4 Nf6 17. Bb1 exd4 18. Bxd4 Rad8 19. Qc2 c5 20. Be3 Bb7 21. Qe2 c4 22. Nd4 1/2-1/2

[Event "Portoroz op 10th"]
[Site "Portoroz"]
[Date "2016.07.25"]
[Round "4"]
[White "Grah, Matej"]
[Black "Stampar, Ljubo"]
[Result "1-0"]
[WhiteElo "1920"]
[BlackElo "1500"]
[PlyCount "109"]
[EventDate "2016.07.23"]
[EventType "swiss"]
[EventRounds "9"]
[EventCountry "SLO"]
[SourceTitle "CBM 173 Extra"]
[Source "ChessBase"]
[SourceDate "2016.08.29"]
[SourceVersion "1"]
[SourceVersionDate "2016.08.29"]
[SourceQuality "1"]

1. e4 d6 2. Nc3 c6 3. d4 Nd7 4. f4 Qc7 5. Nf3 g6 6. Bc4 h6 7. 0-0 b5 8. Bb3 Bg7 9. Kh1 a5 10. a3 Ba6 11. Re1 e5 12. fxe5 dxe5 13. d5 Rd8 14. Be3 c5 15. d6 Qb8 16. a4 c4 17. axb5 cxb3 18. bxa6 bxc2 19. Qd3 Ngf6 20. a7 Qb7 21. Rxa5 0-0 22. Qxc2 Ng4 23. Bg1 Rc8 24. h3 Ngf6 25. Rea1 g5 26. R1a2 Rxc3 27. bxc3 Nxe4 28. Bf2 Ra8 29. c4 Qc6 30. Ra6 Nxf2+ 31. Qxf2 Qxc4 32. Nd2 Qc1+ 33. Qf1 Qc3 34. Qc4 Qe3 35. Qe4 Qxe4 36. Nxe4 f5 37. Nc3 e4 38. Nd5 Bd4 39. Nc7 Rxa7 40. Rxa7 Bxa7 41. Rxa7 Kf7 42. Kg1 f4 43. Kf1 h5 44. Ra4 e3 45. Re4 Kf6 46. Re7 Nc5 47. Nd5+ Kf5 48. d7 Nxd7 49. Rxd7 Ke6 50. Rd8 g4 51. hxg4 hxg4 52. Nxf4+ Kf5 53. Ne2 Ke4 54. Re8+ Kd3 55. Rg8 1-0

[Event "Portoroz op 10th"]
[Site "Portoroz"]
[Date "2016.07.24"]
[Round "2"]
[White "Maksimovic, Bojan"]
[Black "Stampar, Ljubo"]
[Result "1-0"]
[WhiteElo "2131"]
[BlackElo "1500"]
[PlyCount "59"]
[EventDate "2016.07.23"]
[EventType "swiss"]
[EventRounds "9"]
[EventCountry "SLO"]
[SourceTitle "CBM 173 Extra"]
[Source "ChessBase"]
[SourceDate "2016.08.29"]
[SourceVersion "1"]
[SourceVersionDate "2016.08.29"]
[SourceQuality "1"]

1. e4 d6 2. d4 c6 3. Nc3 g6 4. f4 Bg7 5. Nf3 Qc7 6. Bd3 Nd7 7. e5 dxe5 8. dxe5 b5 9. Be3 Nh6 10. 0-0 Ng4 11. Qe2 0-0 12. h3 Nxe3 13. Qxe3 b4 14. Ne4 c5 15. Nfd2 Bb7 16. Nc4 Rac8 17. Rfe1 Nb6 18. Rad1 f6 19. exf6 exf6 20. Nxb6 axb6 21. Bc4+ Kh8 22. Nd6 Rb8 23. Nxb7 Rxb7 24. f5 b5 25. Be6 Rbb8 26. Rd7 Qe5 27. Qf2 Qxb2 28. fxg6 Rfd8 29. Qh4 h6 30. Qxh6+ 1-0